Unfulfilled Expectations : Home and School Influences on Literacy /

Obra en que se revisan los factores que inciden para que niños de un contexto socioeconómico similar, tengan diferentes logros educativos. El estudio se basa en el seguimiento académico de niños de 2º, 4º y 6º grado, a lo largo de seis años; se trata de una muestra de niños de escasos recursos de pr...

Descripción completa

Guardado en:
Detalles Bibliográficos
Otros autores: Snow, Catherine E. (autor) (autor)
Formato: Libro
Idioma:Inglés
Publicado: Cambridge, EUA : Harvard University, 1991, c1991
Temas:
Etiquetas: Agrega una etiqueta
Sin etiquetas, Sé el primero en etiquetar este registro!

MARC

LEADER 00000nam^a2200000^a^4500
001 000183354
005 20250521000000.0
009 20260310102037.883
020 |a 0-674-92110-0 
037 |a Acervo ITESO - Biblioteca 
041 |a ING 
082 |a 370. 19341  |b UNF 
245 0 0 |a Unfulfilled Expectations :  |b Home and School Influences on Literacy /  |c C.E. Snow... [et al.]. 
264 4 |a Cambridge, EUA :  |b Harvard University,  |c 1991, c1991 
300 |a 251 p. 
336 |a texto  |b txt  |2 rdacontenido 
337 |a sin mediación  |b n  |2 rdamedio 
338 |a volumen  |b nc  |2 rdasoporte 
520 |a Obra en que se revisan los factores que inciden para que niños de un contexto socioeconómico similar, tengan diferentes logros educativos. El estudio se basa en el seguimiento académico de niños de 2º, 4º y 6º grado, a lo largo de seis años; se trata de una muestra de niños de escasos recursos de procedencias étnicas diversas. Entre otros factores, se analizaron los usos de la lectura en la familia; sus actitudes y comunicación hacia la escuela; las redes sociales en que se mueven; sus reglas y horarios, y su susceptibilidad al estrés económico y psicológico. 
649 |a XX 
650 |a Alumnos -  |x Condiciones Sociales y Culturales 
650 |a Alumnos -  |x Condiciones Económicas 
650 |a Relaciones Padres-Hijos 
650 |a Pobreza 
650 |a Diversidad Cultural 
650 |a Alfabetización 
650 |a Lectura -  |x Estudio y Enseñanza 
650 |a Comunicación Escrita 
650 |a Comunicación Verbal 
650 |a Hogar y Escuela 
650 |a Comunidad y Escuela 
650 |a Educación y Sociedad 
650 |a Sociología de la Educación 
700 |a Snow, Catherine E.  |e (autor) 
910 |a Fondo General 
920 |a Impresos - Libros 
930 |a Colección General 
905 |a 101 
901 |a 0500123780  |b IT1  |c ACC  |u 20250521 
902 |a https://opac.biblio.iteso.mx/vufind/Record/000183354